| 000 | 00388nam a2200145Ia 4500 | ||
|---|---|---|---|
| 008 | 230917s9999||||xx |||||||||||||| ||und|| | ||
| 040 |
_e76346 _aMAIN |
||
| 041 | _aEnglish | ||
| 082 | _a658.42 G959I | ||
| 100 | _aGupta, Ashish | ||
| 245 | 0 | _aIndian enterpreneurial culture: its many paradoxes | |
| 260 |
_aSouth Godstone _bWishwa Prakashan _c1994 |
||
| 300 | _axii, 128 p. | ||
| 942 | _cBK | ||
| 999 |
_c89674 _d89674 |
||